00345nam a2200109Ia 4500008004100000082002400041110001300065245006100078260002400139300001000163650006200173121101s9999 xx 000 0 und d aV 384.558 E56e 1998 aCultural aEnciclopedia de informática y computación / Cultural aEspaña : Cultural aVIDEO a1. VIDEOGRABACIÓN 2. VIDEOCINTAS EN LA EDUCACIÓN.Ì